Veikkausliiga-joukkueet 1990– - Statistics

Yleistilastot
  • Tätä visaa on pelattu 65 kertaa
  • Keskiarvotulos 30 / 43
Vastaustilastot
Kaudet Paras sija Joukkue % Oikein
37 1 HJK Helsinki
100%
28 1 KuPS Kuopio
100%
6 7 KTP Kotka
98%
26 3 TPS Turku
98%
18 2 Ilves Tampere
95%
30 1 Inter Turku
95%
24 4 Jaro Pietarsaari
93%
13 1 SJK Seinäjoki
93%
8 7 AC Oulu
90%
26 3 FC Lahti
90%
7 6 HIFK
90%
25 2 RoPS Rovaniemi
90%
27 2 VPS Vaasa
90%
28 1 Haka Valkeakoski
88%
15 2 Honka Espoo
88%
23 1 MyPa Myllykoski
88%
22 1 IFK Mariehamn
85%
1 12 EIF Tammisaari
83%
3 6 Gnistan Helsinki
83%
11 1 TamU Tampere
83%
2 4 Reipas Lahti
78%
7 2 MP Mikkeli
73%
13 1 FC Jazz Pori
70%
2 11 KPV Kokkola
70%
6 1 Kuusysi Lahti
70%
6 3 JJK Jyväskylä
68%
4 2 Jokerit Helsinki
68%
4 1 TPV Tampere
68%
1 7 Atlantis Helsinki
63%
2 3 PK-35 Vantaa / Helsinki
63%
3 9 PS Kemi
63%
4 2 Allianssi Vantaa
58%
6 3 FinnPa Helsinki
55%
2 10 TP-47 Tornio
45%
3 11 FC Hämeenlinna
43%
1 13 Viikingit Helsinki
43%
6 8 KooTeePee Kotka
35%
1 12 Kumu Kuusankoski
35%
1 14 Ponnistus Helsinki
30%
2 11 FC Oulu
28%
2 10 OTP Oulu
28%
1 9 TP Seinäjoki
20%
1 8 PPT Pori
18%
Ehtoja vastaavia visoja ei löytynyt
Tulosjakauma
Jokaisen tuloksen saaneiden osuus
Persentiili vastausten määrän mukaan
Tuloshistoriasi
Et ole pelannut tätä visaa